México y la integración económica de América Latina (Registro nro. 5941)

Detalles MARC
000 -LEADER
fixed length control field 01342 a2200229 4500
001 - CONTROL NUMBER
control field 55408
005 - DATE AND TIME OF LATEST TRANSACTION
control field 20260407155828.0
008 - FIXED-LENGTH DATA ELEMENTS--GENERAL INFORMATION
fixed length control field 260407a1973 arg spa d
003 - CONTROL NUMBER IDENTIFIER
control field AR-UNSa-BCEJYS
040 ## - CATALOGING SOURCE
Original cataloging agency AR-UNSa-BCEJYS
Language of cataloging spa
Transcribing agency AR-UNSa-BCEJYS
080 ## - UNIVERSAL DECIMAL CLASSIFICATION NUMBER
Universal Decimal Classification number 339.92
Common auxiliary subdivision Cooperación económica internacional. Integración económica internacional
041 ## - LANGUAGE CODE
Language code of text/sound track or separate title spa
100 1# - MAIN ENTRY--PERSONAL NAME
Personal name König, Wolfgang
245 10 - TITLE STATEMENT
Title México y la integración económica de América Latina
264 #1 - PRODUCTION, PUBLICATION, DISTRIBUTION, MANUFACTURE, AND COPYRIGHT NOTICE
Place of production, publication, distribution, manufacture Buenos Aires :
Name of producer, publisher, distributor, manufacturer BID/INTAL (Banco Interamericano de Desarrollo. Instituto para la integración de América Latina)
Date of production, publication, distribution, manufacture, or copyright notice 1973
300 ## - PHYSICAL DESCRIPTION
Extent 313 p.
Dimensions 22 cm.
505 ## - FORMATTED CONTENTS NOTE
Formatted contents note 1. El marco sociopolítico y el proceso de decisión de la política económica en México - 2. Estructura y desarrollo de la economía de México - 3. México frente a la ALALC y los otros mecanismos latinoamericanos de integración económica - 4. Organización mexicana para la integración - 5. La política comercial de México - 6. México y la liberación del comercio internacional de la ALALC - 7. México y la cooperación financiera latinoamericana - 8. El comercio de México con la ALALC y Centroamérica - 9. Sector industrial - 10. Sector agropecuario; 11. Infraestructura
590 ## - LOCAL NOTE (RLIN)
Local note niveau_biblio:m niveau_hierar:0
650 ## - SUBJECT ADDED ENTRY--TOPICAL TERM
Topical term or geographic name entry element ALALC
650 ## - SUBJECT ADDED ENTRY--TOPICAL TERM
Topical term or geographic name entry element alalc
942 ## - ADDED ENTRY ELEMENTS (KOHA)
Koha item type
Existencias
Withdrawn status Lost status Damaged status Not for loan Home library Current library Shelving location Date acquired Total checkouts Full call number Barcode Date last seen Price effective from Koha item type
        Biblioteca Prof. Eusebio Cleto del Rey Biblioteca Prof. Eusebio Cleto del Rey   07/04/2026   339.92 K82 L13813 07/04/2026 07/04/2026 Libro
        Biblioteca Prof. Eusebio Cleto del Rey Biblioteca Prof. Eusebio Cleto del Rey   07/04/2026   339.92 K82 L65023 07/04/2026 07/04/2026 Libro